|
|
|
|
| LEADER |
01200nam a2200325 a 4500 |
| 001 |
37971 |
| 003 |
BD-DhAAL |
| 005 |
20231203122844.0 |
| 008 |
220306t1990 cau b 001 0 eng d |
| 010 |
|
|
|a 90036179
|
| 020 |
|
|
|a 0156334607 (pbk.) :
|c $7.95
|
| 020 |
|
|
|a 9780156334600
|
| 040 |
|
|
|a DLC
|c DLC
|d DLC
|d BD-DhAAL
|
| 050 |
0 |
0 |
|a HB501
|b .F72 1990
|
| 082 |
0 |
0 |
|a 330.122
|2 20
|
| 100 |
1 |
|
|a Friedman, Milton,
|d 1912-2006.
|9 46392
|
| 245 |
1 |
0 |
|a Free to choose :
|b a personal statement /
|c Milton & Rose Friedman.
|
| 250 |
|
|
|a First Harvest/HBJ edition
|
| 260 |
|
|
|a San Diego :
|b Harcourt Brace Jovanovich,
|c c1990.
|
| 300 |
|
|
|a xvi, 338 pages ;
|c 21 cm.
|
| 504 |
|
|
|a Includes bibliographical references and index.
|
| 541 |
|
|
|a Donated by Akbar Ali Khan
|e 37971
|
| 650 |
|
0 |
|a Capitalism.
|9 46393
|
| 650 |
|
0 |
|a Welfare state.
|9 46394
|
| 650 |
|
0 |
|a Industrial policy.
|9 46395
|
| 700 |
1 |
|
|a Friedman, Rose D.
|9 46396
|
| 852 |
|
|
|a Ayesha Abed Library
|c Akbar Ali Khan Collection
|
| 942 |
|
|
|2 ddc
|c BK
|
| 999 |
|
|
|c 43657
|d 43657
|
| 952 |
|
|
|0 0
|1 0
|2 ddc
|4 0
|6 330_122000000000000_FRI
|7 1
|9 69987
|a BRACUL
|b BRACUL
|c AAKC
|d 2022-03-06
|e Donated by Akbar Ali Khan
|l 0
|o 330.122 FRI
|p 3010037971
|r 2022-03-06
|t 1
|w 2022-03-06
|y BK
|